000 00285nam a2200121 i 4500
001 bg
245 0 _aNovye rozrabotki elementov radiotechniceskich ustrojstv.
260 _aMinsk,
_c1972.
040 _cBPK
041 _apol
942 _cKS
008 s pl f |000 0 pol
999 _c15229
_d15229
856 _uhttp://koha.tu.koszalin.pl/cgi-bin/koha/opac-detail.pl?biblionumber=15229
_yKatalog online BPK